Los derechos humanos en Guatemala: informe de la delegación
Guardat en:
| Format: | Text |
|---|---|
| Etiquetes: |
Afegir etiqueta
Sense etiquetes, Sigues el primer a etiquetar aquest registre!
|
MARC
| LEADER | 00000 a a2200000 04500 | ||
|---|---|---|---|
| 001 | 1399 | ||
| 003 | |||
| 040 | |||
| 245 | |a Los derechos humanos en Guatemala: |b informe de la delegación | ||
| 773 | |g número 67; páginas 38-39 | ||
| 999 | |c 38280 |d 38280 | ||
